| 000 | 00418nam a22001337a 4500 | ||
|---|---|---|---|
| 020 | _aNA | ||
| 082 |
_222 _a604.2 |
||
| 100 | _aBirtotine, gary r ; wiebe, eric n; millon, craig l and Nasman, leonard q , | ||
| 245 | _aFundamantales of graphics communication / | ||
| 250 | _a3rd | ||
| 260 |
_aMc Graw hill Higher Education, _bMc Graw hill Higher Education, _cc2002 |
||
| 300 |
_axix,640,; _bNA _c24cm. |
||
| 942 |
_2ddc _cCIVIL |
||
| 999 |
_c3484 _d3484 |
||